00324nam a2200109Ia 4500008004100000020001800041100001800059245007600077250001100153260003200164300001800196180205s9999 xx 000 0 und d a9781138692084 aCarnie, Fiona aAlternative approaches to education :ba guide fro teachers and parents a2nd ed aNew york :bRoutledgec2017 aix, 256 pages